000 01286nam a22004337a 4500
005 20250826153145.0
008 160912b2017 xxu||||| |||| 00| 0 spa d
020 _a9789968482424
041 _aESP
082 _a658.43 J64e
100 _aJofré Vartanian, Arturo
_942868
245 _aEnfoques gerenciales para la administración moderna
260 _aCosta Rica
260 _bEUNED
260 _c2016
300 _a472 páginas
490 _aDirección de Educación Comunitaria y Asistencia Técnica
650 _aGERENCIA INTERMEDIA
650 _aGESTIÓN DE LOS ENFOQUES
650 _aCULTURA Y CLIMA ORGANIZACIONAL
650 _aENFOQUES GERENCIALES
650 _aROLES DE LA DIRECCIÓN Y COLABORADORES
650 _aEQUIPOS AUTODIRIGIDOS
650 _aPOLÍTICAS DE PERSONAL
650 _aDOWNSIZING
650 _aOFFSHORING
650 _aOUTSOURCING Y ÁREAS POTENCIALES
650 _aALIANZAS ESTRATÉGICAS
650 _aANÁLISIS CRÍTICO DEL DOWNSIZING
650 _aCALIDAD TOTAL
650 _aSIX SIGMA
650 _aSISTEMA ISO
650 _aPLANIFICACIÓN ESTRATÉGICA
650 _aFORMULACIÓN DEL PLAN ESTRATÉGICO
650 _aREINGENIERÍA
650 _aBENCHMARKING
650 _aEMPOWERMENT
942 _cBK
_2ddc
999 _c10605
_d10605